000 00602nam a2200193 a 4500
001 000014913
005 20240530073917.0
008 100127s2007 dr 001 p spa d
040 _aDO-SdBNP
_bspa
_cBNPHU
082 _aRD863.44
_bR678d
100 1 _aRochit, Krish
_933761
245 1 0 _aDepredador de inocencias I :
_bromance forzado /
_cKrish Rochit.
260 _aSanto Domingo :
_bCorripio,
_c2007.
300 _a231 p. ;
_c22 cm.
590 _aInventariado, 2020 / DG
650 0 _aNovela dominicana
_9223
650 0 _aLiteratura dominicana.
_967
910 _aValidado. Control de calidad MMOLINA
999 _c14493
_d14493